| 000 | 00533nam a2200133Ia 4500 | ||
|---|---|---|---|
| 008 | 100328s9999 xx 000 0 und d | ||
| 082 | _b27591 | ||
| 100 | _aखाडीलकर उषा | ||
| 245 | _aकविता काजळलेली / उपाशी उन्माद. | ||
| 260 | _bगृहलक्ष्मी | ||
| 630 | _aकविता काजळलेली / उपाशी उन्माद. | ||
| 730 | _aकविता काजळलेली / उपाशी उन्माद. | ||
| 942 | _cBOOK | ||
| 999 |
_c519424 _d519421 |
||